Os cinco salvaram o tio (Registo nº 1908)

Detalhes MARC
000 -Etiqueta do registo
Cabeçalho 00820nam a22002651 4500
005 - Identificador da versão
Campo de controlo 20240827105249.0
021 ## - Número do Depósito Legal
Código do país PT
100 ## - Dados gerais de processamento
Dados gerais de processamento 20070525d1977 a y0pory5003 ba
101 1# - Língua de publicação
Língua do texto, banda sonora, etc. Português
Língua do documento no original Inglês
102 ## - Pais de publicação ou produção
País de publicação Portugal
Localidade de publicação Lisboa
105 ## - Campo de dados codificados: livros
Dados codificados dos livros a z 000ay
106 ## - Campo de dados codificados: material textual
Dados codificados do material textual r
200 1# - Titulo e menção de responsabilidade
Título próprio Os cinco salvaram o tio
Primeira menção de responsabilidade Enid Blyton
Outras menções de responsabilidade trad. Maria da Graça Moctezuma, il. Eileen Soper
210 ## - Publicação, Distribuição, etc. 
Lugar da edição, distribuição, etc. Lisboa
Nome do editor, distribuidor, etc. Notícias
Data da publicação, distribuição, etc. imp. 1977
215 ## - Descrição física 
Indicação específica da natureza do documento e extensão da espécie 194 p.
Outras indicações físicas il.
Dimensões 17 cm
225 2# - Colecção 
Título próprio da colecção Os cinco
Indicação de volume 6
304 ## - Notas relativas a título e menção de responsabilidade 
Texto da nota Tít. orig.: Five on Kirrin island again
606 ## - Nome comum usado como assunto
Número de registo de entrada de autoridade 0000479
Palavra de ordem Literatura estrangeira juvenil
Subdivisão de assunto Romance de aventuras
675 ## - Classificação Decimal Universal (CDU)
Notação 82-311.3
Edição
Língua da edição por
700 #1 - Nome de autor-pessoa física (responsabilidade principal)
Número de registo de entrada de autoridade 0000183
Palavra de ordem Blyton
Outra parte do nome não tomada para palavra de ordem Enid
Datas 1897-1968
702 #1 - Nome de autor-pessoa física (responsabilidade secundária)
Número de registo de entrada de autoridade 0000482
Palavra de ordem Moctezuma
Outra parte do nome não tomada para palavra de ordem Maria da Graça de
Código de função Tradutor
Número de registo de entrada de autoridade 0000495
Palavra de ordem Soper
Outra parte do nome não tomada para palavra de ordem Eileen
Código de função Ilustrador / Técnico de desenho computorizado
942 ## - Elementos de entrada adicionados (Koha)
Tipo de item no Koha Livro
Exemplares
Situação do levantamento Origin of item (home branch) (coded) Biblioteca de empréstimo Código de barras Cota Circulation type (not for loan) Tipo de documento Nota do exemplar Damaged status
  Biblioteca Escolar da Coca Maravilhas Biblioteca Escolar da Coca Maravilhas BECM2655/94 8EST BLY   Livro Sem mensagem